Statystyki dla Miasta w Wielkopolsce

Kliknij tutaj aby rozwiązać quiz!

Ogólne statystyki

  • Ten quiz został rozwiązany 52 razy
  • Średni wynik to 14 z 30

Statystyki odpowiedzi

LudnośćMiastoLudnośćMiastoLudnośćMiastoLudnośćMiasto% Poprawnych
535802Poznań14060Mosina4495Zduny2632Czerniejewo
96%
100482Kalisz13712Słupca4407Golina2628Kłecko
85%
73742Konin13107Wolsztyn4325Skoki2508Wysoka
81%
68323Gniezno10574Czarnków3869Kleczew2352Rychwał
73%
63774Leszno10387Międzychód3791Okonek2121Osieczna
73%
73176Piła11128Wronki4223Krobia2382Borek Wielkopolski
73%
71947Ostrów Wielkopolski10675Rogoźno4159Szamocin2372Obrzycko
60%
30688Września9674Puszczykowo3673Ujście2095Raszków
52%
21838Koło6499Zbąszyń3153Miejska Górka1706Krzywiń
50%
26155Jarocin7894Pniewy3310Sompolno1837Ostroróg
46%
29566Śrem9259Opalenica3594Krajenka1984Dąbie
46%
18602Chodzież6031Buk2985Margonin1412Jaraczewo
44%
23368Środa Wielkopolska7264Trzemeszno3232Kobylin1755Wielichowo
44%
30343Swarzędz9587Kostrzyn3647Opatówek1999Pogorzela
42%
26955Turek8047Jastrowie3539Miłosław1908Grabów nad Prosną
42%
28845Krotoszyn8597Pobiedziska3576Rakoniewice1939Jutrosin
40%
14574Nowy Tomyśl5135Wyrzysk2859Rydzyna
40%
23880Kościan7661Witkowo3249Tuliszków1790Chocz
38%
31891Luboń9695Murowana Goślina3695Nekla2108Żerków
38%
18104Oborniki5870Stęszew2951Lwówek
35%
20225Rawicz6220Kłodawa3127Dobrzyca1558Dolsk
35%
14644Grodzisk Wielkopolski5146Czempiń2880Sulmierzyce
33%
25675Wągrowiec7828Kórnik3266Gołańcz1790Mikstat
33%
20235Gostyń6446Koźmin Wielkopolski3130Ślesin1667Przedecz
31%
14137Ostrzeszów4751Odolanów2715Poniec
31%
18752Szamotuły6036Krzyż Wielkopolski2988Pyzdry1520Stawiszyn
31%
14101Kępno4512Nowe Skalmierzyce2666Książ Wielkopolski
29%
17297Pleszew5688Wieleń2906Łobżenica
29%
18498Złotów5946Sieraków2964Zagórów1390Dobra
29%
17159Trzcianka5297Śmigiel2895Bojanowo
21%

Rozkład punktacji

Percentyl według liczby udzielonych odpowiedzi

Procent ludzi z każdym wynikiem

Twoja historia wyników

Nie rozwiązałeś tego quizu